College Quizbowl Stats
College Quizbowl Stats
Circuits
Seasons
Sets
Records
Detailed Stats
About
Loading...
2024 ACF Nationals
Tossups
Bonuses
Players
Teams
Categories (Tossup)
Categories (Bonus)
Paul Lee
WUSTL A
Categories
Category
Powers
Gets
Negs
BBs
Points
Earliest Buzz
Avg. Buzz
First Buzzes
Top 3 Buzzes
Science - Chemistry
0
3
1
0
25
99
105.00
0
0
Science - Biology
0
3
2
1
20
55
88.67
1
2
Science - Other Science
0
2
1
1
15
59
96.50
1
1
Fine Arts - Classical Music
0
1
1
0
5
110
110.00
0
0
Science - Physics
0
1
1
0
5
92
92.00
0
0
Buzzes
Category
Answer
Value
Buzz Position
Science - Biology
Cas nucleases
10
55
Science - Other Science
ANOVA
10
59
Fine Arts - Classical Music
trees
-5
73
Science - Biology
mannose
10
78
Science - Biology
clavicles
-5
82
Science - Chemistry
step-growth polymerization
-5
89
Science - Physics
magnetization
10
92
Science - Biology
plastids
-5
93
Science - Chemistry
paper
10
99
Science - Chemistry
racemic mixtures
10
99
Previous
1
2
Next